| 000 -Etiqueta do registo | |
|---|---|
| campo de controlo de comprimento fixo | 00777cam a22002411 4500 |
| 001 - Identificador do registo | |
| Campo de controlo | 69686 |
| 005 - Identificador da versão | |
| Campo de controlo | 20231117161557.0 |
| 100 ## - Dados Gerais de Proc. | |
| Dados gerais de processamento | 19000001d2023 km|y0pory5003 ba |
| 101 1# - Língua da publicação | |
| Língua do texto, banda sonora, etc. | Português |
| Língua do documento no original | Japonês |
| 102 ## - País de Publicação | |
| País de publicação | Portugal |
| 200 1# - Título | |
| Título próprio | Kokoro |
| Primeira menção de responsabilidade | Natsume Sôseki |
| Outras menções de responsabilidade | trad. do francês Helder Guégués |
| 205 ## - Menção da edição | |
| Menção da edição | 3.ª ed. |
| 210 #9 - Publicação, Distribuição | |
| Lugar da edição, distribuição, etc. | Barcarena |
| Nome do editor, distribuidor, etc. | Presença |
| Data da publicação, distribuição, etc. | 2023 |
| 215 ## - Descrição física | |
| Descrição física | 302 p. |
| 225 ## - Colecção | |
| Título próprio da colecção | Grandes narrativas |
| Indicação de volume | 815 |
| 510 1# - Título paralelo | |
| Título paralelo | Le pauvre coeur des hommes |
| Língua do título | Francês |
| 675 ## - CDU | |
| Notação | 821.521-31 |
| Edição | BN |
| Língua da edição | Português |
| 700 #1 - Responsabilidade principal | |
| Koha Internal Code | 51625 |
| Palavra de ordem | Natsume |
| Outra parte do nome | Sôseki |
| Datas | 1867-1916 |
| 702 ## - Responsabilidade secundária | |
| Palavra de ordem | Guégués |
| Outra parte do nome | Helder |
| Koha Internal Code | 23309 |
| 801 #0 - Fonte de origem | |
| País | Portugal |
| Agência | BN |
| Regras de catalogação | RPC |
| 090 ## - Números de controlo do sistema (Koha) | |
| Número biblioitem do Koha (gerado automaticamente) | 69686 |
| 942 ## - Elementos de entrada adicionados (Koha) | |
| Tipo de item no Koha | Monografias |
| Suprimido | Disponível no OPAC |
| Removido (estado) | Perdido (estado) | Data de aquisição | Origem do registo (biblioteca) (codificado) | Código da organização que empresta ou é detentora (biblioteca) | Código de barras | Local | Número de inventário | Cota | Data de empréstimo ou depósito | Tipo de circulação (não pode ser emprestado) | Preço | Tipo de item e material |
|---|---|---|---|---|---|---|---|---|---|---|---|---|
| Disponível | Disponível | 2023-09-05 | Biblioteca Municipal Álvaro de Campos | Biblioteca Municipal Álvaro de Campos | BMTAV70453 | Sala de Adultos | 70453 | R7 SOS | 2025-05-02 | Normal | 15.00 | Monografias |